[Event "SVK-chT2B 0809"]
[Site "Slovakia"]
[Date "2009.03.01"]
[Round "11.3"]
[White "Torotto, Antal"]
[Black "Horvath, Marian"]
[Result "0-1"]
[WhiteElo "2133"]
[BlackElo "2100"]
[PlyCount "66"]
[EventDate "2008.10.11"]
[EventType "team-tourn"]
[EventRounds "11"]
[EventCountry "SVK"]
[SourceTitle "EXT 2010"]
[Source "ChessBase"]
[SourceDate "2010.11.25"]
[SourceVersion "1"]
[SourceVersionDate "2010.11.25"]
[SourceQuality "1"]
[WhiteTeam "Batorove Kosihy"]
[BlackTeam "Topolcianky SK"]
[WhiteTeamCountry "SVK"]
[BlackTeamCountry "SVK"]

1. e4 c6 2. d4 d5 3. exd5 cxd5 4. c3 Nc6 5. f4 Nf6 6. Nf3 Bg4 7. Bd3 Bxf3 8. Qxf3 e6 9. 0-0 g6 10. f5 gxf5 11. Bxf5 exf5 12. Qxf5 Be7 13. Bg5 Ne4 14. Qxf7+ Kd7 15. Qxd5+ Nd6 16. Bf4 Qg8 17. Qf3 Rf8 18. Nd2 h5 19. d5 Ne5 20. Qe2 Ng6 21. Bxd6 Bxd6 22. Qb5+ Kc7 23. Rxf8 Qxf8 24. Rf1 Qe7 25. Nc4 Rf8 26. Rxf8 Bc5+ 27. Kf1 Qxf8+ 28. Ke1 Qf2+ 29. Kd1 Nf4 30. d6+ Kd8 31. Qa5+ b6 32. Qb5 Qe2+ 33. Kc1 Nd3+ 0-1

[Event "SVK-chT2B 0809"]
[Site "Slovakia"]
[Date "2008.12.06"]
[Round "5.3"]
[White "Siroky, Jan"]
[Black "Horvath, Marian"]
[Result "1/2-1/2"]
[WhiteElo "2218"]
[BlackElo "2100"]
[PlyCount "82"]
[EventDate "2008.10.11"]
[EventType "team-tourn"]
[EventRounds "11"]
[EventCountry "SVK"]
[SourceTitle "EXT 2010"]
[Source "ChessBase"]
[SourceDate "2010.11.25"]
[SourceVersion "1"]
[SourceVersionDate "2010.11.25"]
[SourceQuality "1"]
[WhiteTeam "Tlmace SK"]
[BlackTeam "Topolcianky SK"]
[WhiteTeamCountry "SVK"]
[BlackTeamCountry "SVK"]

1. e4 c6 2. d4 d5 3. exd5 cxd5 4. c4 e6 5. Nf3 Nf6 6. Nc3 Nc6 7. c5 Ne4 8. Bd3 Nxc3 9. bxc3 Be7 10. 0-0 Bf6 11. Re1 0-0 12. Bf4 b6 13. Bd6 Be7 14. Bxe7 Qxe7 15. cxb6 axb6 16. Qb1 g6 17. Qxb6 Bd7 18. Qb2 Rfb8 19. Qd2 Ra3 20. Rab1 Rba8 21. Rb2 Kg7 22. h4 h5 23. Re3 Be8 24. c4 Qa7 25. cxd5 exd5 26. Bb5 Bd7 27. Rc3 Rxc3 28. Qxc3 Nd8 29. a4 Ne6 30. Qb4 Bxb5 31. axb5 Qb6 32. Qe1 f6 33. Qc3 Rb8 34. Rb4 Qd6 35. g3 Rb6 36. Ra4 Qd7 37. Qa3 Rxb5 38. Ra7 Rb7 39. Rxb7 Qxb7 40. Qd6 Kf7 41. Kg2 Ng7 1/2-1/2

[Event "SVK-chT2B 0708"]
[Site "Slovakia"]
[Date "2007.11.03"]
[Round "3.6"]
[White "Slacky, Stanislav"]
[Black "Horvath, Marian"]
[Result "1-0"]
[WhiteElo "2140"]
[BlackElo "2063"]
[PlyCount "115"]
[EventDate "2007.10.06"]
[EventType "team-tourn"]
[EventRounds "11"]
[EventCountry "SVK"]
[SourceTitle "EXT 2010"]
[Source "ChessBase"]
[SourceDate "2010.11.25"]
[SourceVersion "1"]
[SourceVersionDate "2010.11.25"]
[SourceQuality "1"]
[WhiteTeam "Trencin SK II"]
[BlackTeam "Topolcianky SK"]
[WhiteTeamCountry "SVK"]
[BlackTeamCountry "SVK"]

1. d4 d5 2. c4 c6 3. Nf3 Nf6 4. g3 g6 5. Bg2 Bg7 6. 0-0 0-0 7. Nc3 b6 8. Bf4 Bb7 9. cxd5 cxd5 10. Qd2 Nc6 11. Ne5 e6 12. Rfc1 Nxe5 13. Bxe5 Qd7 14. Rc2 Rac8 15. Rac1 Rfd8 16. e3 Ba6 17. Bf1 Bxf1 18. Kxf1 Ng4 19. Bxg7 Kxg7 20. f3 Nf6 21. Qd3 Rc6 22. Ke2 Rdc8 23. Kd2 h5 24. a4 Qe7 25. Qb5 R6c7 26. Na2 Rxc2+ 27. Rxc2 Rxc2+ 28. Kxc2 Qc7+ 29. Nc3 h4 30. f4 Ng4 31. Qe2 f5 32. gxh4 Qc4 33. Kd2 Qc7 34. h3 Nf6 35. Qb5 Qe7 36. b4 Kh6 37. a5 bxa5 38. Qxa5 Kh5 39. Nb5 Ne4+ 40. Kd3 Qxh4 41. Qxa7 Kh6 42. Qa8 Kh7 43. Qb7+ Kh6 44. Qc8 Kh7 45. Qd7+ Kh6 46. Qe8 Kh7 47. Qf7+ Kh6 48. Qg8 Nf6 49. Qh8+ Nh7 50. Nd6 Qe7 51. Ne8 Qa7 52. Ke2 Qe7 53. b5 g5 54. b6 gxf4 55. Qg7+ Qxg7 56. Nxg7 Nf6 57. Nxe6 fxe3 58. Nc5 1-0